[Event "13th BPB Limburg Open 2019"]
[Site "Maastricht"]
[Date "2019.06.10"]
[Round "7.8"]
[White "Song, Raymond"]
[Black "Sadzikowski, Daniel"]
[Result "1-0"]
[WhiteElo "2450"]
[BlackElo "2510"]
[Annotator "TA"]
[PlyCount "101"]
[EventDate "2019.06.07"]
[EventCountry "NED"]
[SourceTitle "playchess.com"]
[Source "ChessBase"]
[SourceQuality "1"]

{[%evp 9,101,-5,32,12,17,0,1,0,8,0,8,0,10,0,13,0,9,-12,0,-6,-4,-56,-42,-40,0,-112,0,-12,0,-46,-41,-58,-51,-52,-43,-92,-120,-107,-79,-97,-102,-110,-101,-114,-109,-105,-66,-206,-176,-171,-132,-129,-113,-214,-155,-243,-123,-142,-89,-101,-100,-145,-107,-96,-89,-123,-8,-447,-292,-287,-260,-316,-138,-575,-317,-870,-863,-853,-832,-737,-477,-468,461,411,1535,975,29987,29988,29988,29989,29989,29990,29990,29991]} 1. d4 d5 2. c4 e6 3. Nf3 Nf6 4. g3 Bb4+ 5. Bd2 Bd6 (5... Be7 6. Bg2 O-O 7. O-O Nbd7 8. Qc2 c6 9. Bf4 b6 10. cxd5 cxd5 11. Rc1 Ba6 12. Nc3 Nh5 13. Bd2 Nhf6 14. Bf4 Nh5 15. Be5 Nhf6 16. e3 h6 17. Qd1 Nxe5 18. Nxe5 Bd6 {1-0 (54) Ding,L (2805)-Topalov,V (2740) Abidjan 2019}) 6. Nc3 {E01: Catalan: Early deviations} O-O 7. Bg2 dxc4 8. O-O {The position is equal.} Nc6 9. Qa4 e5 10. d5 Ne7 11. Bg5 Nd7 12. Qxc4 h6 13. Be3 a6 14. a4 f5 {[#]} 15. Rac1 $146 (15. Bd2 $11) ({Predecessor:} 15. a5 g5 {0-1 (58) Mikhalevski,V (2632)-Wippermann,T (2435) Gibraltar 2008}) 15... Qe8 $15 16. Ne1 e4 17. f4 (17. f3 $11) 17... exf3 (17... Qf7 $17 18. Bd4 c6) 18. Nxf3 $11 Ng6 $36 {[%mdl 2048] Black fights for an advantage.} 19. Bd2 Nde5 20. Nxe5 Nxe5 21. Qd4 Bd7 22. Kh1 Qh5 23. Bf3 Qg6 24. Qh4 b5 25. axb5 axb5 26. Bf4 Qe8 27. Bh5 Qd8 28. Qh3 (28. Qxd8 $15 Rfxd8 29. Nd1) 28... b4 29. Nd1 Qf6 30. Ne3 b3 31. Rc3 (31. Qg2 $17 {keeps fighting.}) 31... Rab8 32. Nd1 (32. Qg2 $17 {was called for.}) 32... Rb5 ({Better is} 32... g6 $19 33. Bf3 g5 34. Bxe5 Bxe5) 33. Qg2 $17 Bc8 (33... g6 $142 34. Bf3 g5) 34. Nf2 Bb7 35. Rd1 g6 36. Bf3 g5 37. e4 Nxf3 ({Black should try} 37... Rb4 $17 38. exf5 Qxf5) 38. Rxf3 $4 {[%mdl 8192]} (38. Bxd6 $11 Qxd6 39. Rxf3) 38... Qxb2 {...fxe4 is the strong threat.} (38... gxf4 39. gxf4+ Kh8 40. Qf1 $19) 39. Bxd6 cxd6 40. Qf1 Ra5 (40... Ba6 $19 {and Black stays clearly on top. White must now prevent ...Qe5.} 41. Rxf5 Rxf5 42. exf5 Qc2) 41. Ng4 $2 {[%mdl 8192]} (41. Qe1 $17 {is tougher.} Ra2 42. exf5) 41... Ra2 {Hoping for ...Ba6.} 42. Nxh6+ $2 {[#]} (42. Rf2 Qg7 43. Rxf5) 42... Kg7 $1 $19 {[%csl Ga2][%cal Rb2h2][%mdl 512]} 43. Qh3 {[#]} Qe2 $1 {[%cal Re2f3][%mdl 512]} 44. Rdf1 Bc8 {( -> ...g4!)} 45. Nxf5+ Rxf5 $4 {[%mdl 8192]} (45... Bxf5 $19 46. exf5 Qe4) 46. exf5 $18 {Threatens to win with g4.} b2 (46... Ra1 $142 47. f6+ {[%mdl 64] Discovered Attack} (47. Rxa1 Qxf3+ {[%mdl 64] Double Attack} 48. Qg2 Qd3 $11) 47... Kg6) 47. g4 {Intending f6+ and mate.} (47. f6+ $2 Kg6 $19) 47... Qe4 48. f6+ {White mates.} Kf7 49. Qh5+ {[%mdl 64] Double Attack} Qg6 {[#]} 50. Qxg6+ $1 ({Don't go for} 50. Rc3 $2 Qxh5 51. gxh5 {[#]} (51. Rc7+ $2 Kf8 $19) 51... Bh3 $1 $19 {[%mdl 576] Promotion}) 50... Kxg6 51. f7 {Accuracy: White = 34%, Black = 44%.} 1-0

[Event "13th BPB Limburg Open 2019"]
[Site "Maastricht"]
[Date "2019.06.10"]
[Round "7.11"]
[White "Haast, Mark"]
[Black "Stricker, Florian"]
[Result "1-0"]
[WhiteElo "2392"]
[BlackElo "2061"]
[Annotator "NA"]
[PlyCount "25"]
[EventDate "2019.06.07"]
[EventCountry "NED"]
[SourceTitle "playchess.com"]
[Source "ChessBase"]
[SourceQuality "1"]
[TimeControl "7200+15"]

1. g3 {[%emt 0:00:04]} Nf6 {[%emt 0:00:25]} 2. Bg2 {[%emt 0:00:31]} d5 {[%emt 0:00:00]} 3. c4 {[%emt 0:00:29]} e6 {[%emt 0:00:00]} 4. Nf3 {[%emt 0:00:54]} c6 {[%emt 0:00:23]} 5. O-O {[%emt 0:00:28]} Be7 {[%emt 0:00:02]} 6. d4 {[%emt 0:00:57]} O-O {[%emt 0:00:41]} 7. Qc2 {[%emt 0:01:23]} b6 {[%emt 0:00:11]} 8. Nbd2 {[%emt 0:00:33]} Ba6 {[%emt 0:00:21]} 9. b3 {[%emt 0:00:58]} Nbd7 {[%emt 0:01:06]} 10. Bb2 {[%emt 0:00:57]} Rc8 {[%emt 0:00:26]} 11. e4 {[%emt 0:00:31]} c5 {[%emt 0:00:35]} 12. exd5 {[%emt 0:00:27]} exd5 {[%emt 0:00:27]} 13. Qf5 {[%emt 0:01:25]} 1-0